Vi xử lý

Đã lưu trong:
書目詳細資料
主要作者: Hồ, Trung Mỹ
格式: 圖書
語言:Undetermined
出版: Thành phố Hồ Chí Minh Đại học Quốc gia 2003
主題:
標簽: 添加標簽
沒有標簽, 成為第一個標記此記錄!
Thư viện lưu trữ: Trung tâm Học liệu Trường Đại học Cần Thơ
LEADER 00538nam a2200193Ia 4500
001 CTU_96203
008 210402s9999 xx 000 0 und d
020 |c 41000 
082 |a 004.16 
082 |b M600 
100 |a Hồ, Trung Mỹ 
245 0 |a Vi xử lý 
245 0 |c Hồ Trung Mỹ 
260 |a Thành phố Hồ Chí Minh 
260 |b Đại học Quốc gia 
260 |c 2003 
650 |a Computer organization,Microprocessors 
904 |i Truc 
980 |a Trung tâm Học liệu Trường Đại học Cần Thơ